000 00565cam a2200145 4500500
005 20260208003728.0
041 _afre
042 _adc
100 1 0 _aLavaud, Laurent
_eauthor
245 0 0 _aDominic J. O’Meara, Platonopolis. Platonic Political Philosophy in Late Antiquity, Oxford, Clarendon Press, 2003, 249 p.
260 _c2005.
500 _a4
786 0 _nLes Études philosophiques | 72 | 1 | 2005-03-01 | p. 117s-142s | 0014-2166
856 4 1 _uhttps://shs.cairn.info/revue-les-etudes-philosophiques-2005-1-page-117s?lang=fr&redirect-ssocas=7080
999 _c1648687
_d1648687